Islamský faktor v ekonomike Turecka
Analýza uplatňovania islamských ekonomických princípov v Turecku, kde sa v roku 2002 dostala k moci proislamská Strana spravodlivosti a rozvoja ‒ AKP. Napriek tomu, že sa AKP deklaratívne zasadzuje za trhový model ekonomiky a za čo najväčšiu implementáciu princípov samoregulácie trhua podnikateľskýc...
Salvato in:
| Autore principale: | |
|---|---|
| Natura: | Capitolo di libro |
| Lingua: | slovacco |
| Soggetti: | |
| Tags: |
Nessun Tag, puoi essere il primo ad aggiungerne!!
|
MARC
| LEADER | 00000naa$a2200000$$$4500 | ||
|---|---|---|---|
| 001 | 0279008 | ||
| 005 | 20240502074330.5 | ||
| 041 | 0 | |a slo | |
| 044 | |a SK | ||
| 245 | 1 | 0 | |a Islamský faktor v ekonomike Turecka |c Ľubomír Čech |
| 520 | |a Analýza uplatňovania islamských ekonomických princípov v Turecku, kde sa v roku 2002 dostala k moci proislamská Strana spravodlivosti a rozvoja ‒ AKP. Napriek tomu, že sa AKP deklaratívne zasadzuje za trhový model ekonomiky a za čo najväčšiu implementáciu princípov samoregulácie trhua podnikateľských iniciatív ako hlavného motora vytvárania zdravej ekonomiky, významnú pozornosť venuje islamu a jeho väzbám na hospodárstvo. | ||
| 610 | 2 | 0 | |a islam |
| 610 | 2 | 0 | |a Turecko |
| 610 | 2 | 0 | |a hospodárstvo národné |
| 100 | 1 | |a Čech, Ľubomír, 1955- | |